000 00661nam a2200217Ia 4500
005 20241129111157.0
008 241129s9999||||xx |||||||||||||| ||und||
020 _a978-1-138-34848-6
037 _aTB
040 _aCRL
_beng
_cCRL
041 _aeng
_2eng
084 _aSMxM96 Q9
_qCRL
100 _aSwartz Sally Au.
_9723539
245 0 _aRuthless winnicott: the role of ruthlessness in psychoanalysis and political protest
_cSwartz Sally Au.
260 _aLondon, UK
_bRoutledge
_c2019
300 _aviii,158p.
365 _aUKP
_b35.99
650 _aPsychologyPsycho-analytic
_9726242
942 _cTB
_hSMxM96 Q9
999 _c1229274
_d1229274